Wie viele Deutsche Fußball Teams kannst du in 60 Sekunden nennen? - Statistiken

Allgemein
  • Dieses Quiz wurde 341 mal gespielt
  • Das Durchschnittsergebnis liegt bei 18 aus 56
Antwortstatistiken
Antwort % Korrekt
Bayern München
98%
Borussia Dortmund
91%
Borussia Dortmund II
91%
Hamburger SV
69%
RB Leipzig
63%
Bayer Leverkusen
61%
FC Schalke 04
57%
Eintracht Frankfurt
55%
Werder Bremen
49%
VfB Stuttgart
48%
SC Freiburg
47%
VfB Stuttgart II
47%
FC St. Pauli
45%
1.FC Köln
42%
1. FC Union Berlin
42%
Borussia Mönchengladbach
41%
Holstein Kiel
41%
1.FC Kaiserslautern
40%
Hertha BSC
40%
Mainz 05
40%
Dynamo Dresden
39%
FC Augsburg
39%
TSG Hoffenheim
39%
Hannover 96
38%
Hannover 96 II
38%
VfL Bochum
37%
1. FC Heidenheim
35%
1. FC Nürnberg
35%
VfL Wolfsburg
33%
Fortuna Düsseldorf
25%
Arminia Bielefeld
23%
1860 München
21%
Greuther Fürth
21%
Eintracht Braunschweig
19%
SV Elversberg
19%
Karlsruher SC
18%
Rot-Weiss Essen
17%
SC Paderborn
15%
SSV Ulm
15%
1. FC Magdeburg
14%
1. FC Saarbrücken
14%
Energie Cottbus
14%
Jahn Regensburg
14%
SV Darmstadt
14%
Hansa Rostock
13%
Waldhof Mannheim
13%
Preußen Münster
12%
FC Ingolstadt
10%
Erzgebirge Aue
9%
SV Wehen Wiesbaden
9%
Alemannia Aachen
8%
SC Verl
7%
SV Sandhausen
7%
VfL Osnabrück
7%
Viktoria Köln
5%
SpVgg Unterhaching
4%
Keine übereinstimmenden Quizze gefunden
Verteilung der Resultate
Anzahl Personen mit jedem Resultat
Perzentil nach korrekt beantworteten Fragen
Ihre Resultats-Entwicklung
Sie haben dieses Quiz noch nicht gespielt